000 00501nam a2200181Ia 4500
001 9363
005 20260306161713.0
008 260306t2017||||xx |||||||||||||| ||spa||
041 _aESP
082 _a378.125
_bV23
100 _aVallejo Ruiz, Mónica
_eAUT
245 0 _aMejora de los procesos de enseñanza-aprendizaje:
_bretos y propuestas para la educación superior
260 _c2017
300 _axiii, 149 páginas :
_c24 cm.
650 _aGEN
654 _aCED
942 _cLIB
_dJUS
_fJUS
_2ddc
_n
999 _c9363
_d9363